| 000 | 01116cam a22002894a 4500 | ||
|---|---|---|---|
| 999 |
_c2660 _d2660 |
||
| 001 | 1686843 | ||
| 003 | GBCCL | ||
| 005 | 20241126110435.0 | ||
| 008 | 990628s1999 mou b 000 0 eng | ||
| 010 | _a 99038154 | ||
| 020 | _a083411819X | ||
| 040 |
_aDLC _cDLC _dDLC |
||
| 042 | _apcc | ||
| 050 | 0 | 0 |
_aBV4905.2 _b.S587 1999 |
| 082 | 0 | 0 |
_a248.866 _221 _bSMI |
| 100 | 1 |
_aSmith, Harold Ivan, _d1947- _95604 |
|
| 245 | 1 | 2 |
_aA Decembered grief : _bliving with loss while others are celebrating / _cHarold Ivan Smith. |
| 260 |
_aKansas City, Mo. : _bBeacon Hill Press of Kansas City, _cc1999. |
||
| 300 |
_a134 p. ; _c21 cm. |
||
| 504 | _aIncludes bibliographical references (p. 132-134). | ||
| 650 | 0 |
_aBereavement _xReligious aspects _xChristianity. _95489 |
|
| 650 | 0 |
_aGrief _xReligious aspects _xChristianity. _95605 |
|
| 650 | 0 |
_aChristmas _xPsychological aspects. _95606 |
|
| 906 |
_a7 _bcbc _corignew _d1 _eocip _f19 _gy-gencatlg |
||
| 942 |
_2ddc _cBK |
||